Najbardziej doświadczeni polscy organizatorzy zawodów speedcubingowych - Statystyki

Ogólne statystyki
  • Ten quiz został rozwiązany 133 razy
    6 od ostatniego zresetowania
  • Średni wynik to 22 z 39
Statystyki odpowiedzi
Liczba
zorganizowanych
zawodów
Organizator % Poprawnych
72 Adam Polkowski
100%
36 Karol Zakrzewski
100%
45 Krzysztof Bober
100%
115 Piotr Tokarski
100%
33 Przemysław Rogalski
100%
10 Radomił Baran
100%
11 Radosław Opoka
100%
30 Kamil Przybylski
83%
10 Przemysław Malinowski
83%
9 Tomasz Szubert
83%
16 Wojciech Rogoziński
83%
12 Amelia Zakrzewska
67%
9 Janusz Łebkowski
67%
12 Kacper Paweł Dworak
67%
29 Karolina Wiącek
67%
21 Mateusz Szwugier
67%
29 Michał Bogdan
67%
6 Piotr Olszewski
67%
12 Piotr Trząski
67%
23 Radosław Ciuk
67%
19 Sylwester Jaroszewski
67%
9 Bartłomiej Owczarek
50%
7 Dominika Warchoł
50%
7 Grzegorz Pacewicz
50%
9 Kalina Jakubowska
50%
7 Karol Kantor
50%
8 Klaudia Ciuk
50%
7 Maksymilian Gala
50%
10 Mateusz Kanarski
50%
12 Franciszek Fidos
33%
9 Marcin Jakubowski
33%
12 Szymon Jeziorski
33%
6 Marta Radziwanowska
17%
6 Mateusz Cichoracki
17%
6 Artur Rapiński
0%
6 Błażej Morgała
0%
10 Krzysztof Kasprzak
0%
6 Marek Mendel
0%
7 Przemysław Piątek
0%
Nie znaleziono quizów pasujących do podanych kryteriów
Rozkład punktacji
Procent ludzi z każdym wynikiem
Percentyl według liczby udzielonych odpowiedzi
Twoja historia wyników
Nie rozwiązałeś tego quizu od ostatniego zresetowania